000 00752nam a22001817a 4500
999 _c100283
_d100283
008 201130b ||||| |||| 00| 0 eng d
040 _bger
_cDE-2950
_erda
_aDE-2950
041 _ager
100 _aGutke, Thomas:
245 _aNotbremse tritt außer Kraft.
_bPandemie: Dank einer stabilen Inzidenz von unter 100 darf Frankfurt ab Sonntag die Corona-Regeln lockern. Ein Überblick darüber, was dann wieder möglich ist /
_cThomas Gutke
653 _aFrankfurt (Oder)
653 _aPandemie / Corona
773 _dFrankfurt (Oder): Märkisches Verlags- und Druckhaus GmbH & Co KG
_g32. Jahrgang (2021) Nr. 111 vom 15./16.05.2021, S. 15
_tMärkische Oderzeitung
942 _cA